Normal view MARC view
  • BEALE, JOHN.M AND BLOCK, JOHN.H

Entry Personal Name

Number of records used in: 1

001 - CONTROL NUMBER

  • control field: 6975

003 - CONTROL NUMBER IDENTIFIER

  • control field: OSt

005 - DATE AND TIME OF LATEST TRANSACTION

  • control field: 20220208121420.0

008 - FIXED-LENGTH DATA ELEMENTS

  • fixed length control field: 220208|| aca||aabn | a|a d

040 ## - CATALOGING SOURCE

  • Original cataloging agency: OSt
  • Transcribing agency: OSt

100 ## - HEADING--PERSONAL NAME

  • Personal name: BEALE, JOHN.M AND BLOCK, JOHN.H

670 ## - SOURCE DATA FOUND

  • Source citation: Work cat.: (OSt): BEALE, JOHN.M AND BLOCK, JOHN.H, WILSON AND GISVOLD,S TEXTBOOK OF ORGANIC MEDICINAL AND PHARMACEUTICAL CHEMISTRY SCIENCES, 2011